First Ministers of Northern Ireland - Statistics

General Stats
  • This quiz has been taken 9 times
  • The average score is 9 of 12
Answer Stats
Years Served First Premier % Correct
(Acting) 2010 Arlene Foster
100%
(Acting) 2015 Arlene Foster
100%
2016 - 2017, 2020 - 2021 Arlene Foster
100%
2024 - Present Michelle O'Neill
100%
2007 - 2008 Ian Paisley
86%
1998 - 2001 David Trimble
71%
2001 - 2002 David Trimble
71%
2008 - 2010 Peter Robinson
71%
2010 - 2015 Peter Robinson
71%
2015 - 2016 Peter Robinson
71%
2021 - 2022 Paul Givan
14%
(Acting) 2001 Reg Empey
0%
No matching quizzes found
Score Distribution
Percent of People with Each Score
Percentile by Number Answered
Your Score History
You have not taken this quiz